000 00727cam a2200229 a 4500
001 2928758
005 20180226032325.0
008 891107s1991 nyua b 001 0 eng
010 _a 89063897
020 _a031203718X
040 _aDLC
_cDLC
_dDLC
041 _aeng
080 _a337 FRI
082 0 0 _a337 FRI
_220
100 _a19
101 _aPOL
245 0 0 _aInternational political economy :
_c[edited by] Jeffry A. Frieden, David A. Lake.
504 _aIncludes bibliographical references and index.
906 _a7
_bcbc
_corignew
_d2
_eopcn
_f19
_gy-gencatlg
942 _2ddc
_cBK
999 _c43383
_d43383